000 00451nam a2200193Ia 4500
008 210210b1946 xxu||||| |||| 00| 0 eng d
041 _aeng
082 _a825/907
100 _aWILKINSON (L P)
245 _aHorace and his lyric poetry
260 _aCambridge
_bAt the University Press
_c1946
650 _apoetry
650 _alyric
650 _aHorace
650 _ahis
650 _aand
690 _aEnglish Criticism
906 _a015222
999 _c134539
_d134539